Score 0/16 Timer 03:00
0 Plays Today
Book Missing Word % Correct
Charlie and the Chocolate _______Factory
96.2%
Uncle Tom's ______Cabin
95.8%
______ RoyaleCasino
91.8%
The _____ of the Seven GablesHouse
76.1%
____________-FiveSlaughterhouse
75%
The Old Curiosity _____Shop
66.6%
Northanger _____Abbey
55.5%
_______ RowCannery
55.4%
Book Missing Word % Correct
The ______ New HampshireHotel
50.4%
The Dark _____: The GunslingerTower
40.5%
The Tenant of Wildfell ____Hall
34.5%
To the __________Lighthouse
31.8%
Digital _______Fortress
26.8%
The Body in the _______Library
24.7%
The Ballad of the Sad _____Cafe
15.3%
The _____ of the Golden PavilionTemple
15.1%

Today's Daily Dose

Missing Word
'T' Pairs

Word Ladder
Game Pieces

Get the Picture
Baseball Movies

Remove Ads.
Support Sporcle.
Get the best of Sporcle when you Go Orange. This ad-free experience offers more features, more stats, and more fun while also helping to support Sporcle. Thank you for becoming a member.

You're not logged in!

Compare scores with friends on all Sporcle quizzes.
OR
Log In

Show Comments

Extras

Top Quizzes Today


Score Distribution

Your Account Isn't Verified!

In order to create a playlist on Sporcle, you need to verify the email address you used during registration. Go to your Sporcle Settings to finish the process.

Report this User

Report this user for behavior that violates our Community Guidelines.

Details: